Пробуждение (Запись № 4968191)

Подробности
000 -МАРКЕР
контрольное поле 02456nam0a22003611 4500
001 - ИДЕНТИФИКАТОР ЗАПИСИ
контрольное поле rc\1125627
005 - ИДЕНТИФИКАТОР ВЕРСИИ
контрольное поле 20250622185445.0
035 ## - ДРУГИЕ СИСТЕМНЫЕ НОМЕРА
Идентификатор записи (NLR Aleph) 006367949
100 ## - ДАННЫЕ ОБЩЕЙ ОБРАБОТКИ
Данные общей обработки 20041126d1981 |||y0rusy50 ca
101 0# - ЯЗЫК РЕСУРСА
Язык текста, звукозаписи и т.д. русский
102 ## - СТРАНА ПУБЛИКАЦИИ ИЛИ ПРОИЗВОДСТВА
Страна публикации Российская Федерация
105 ## - ПОЛЕ КОДИРОВАННЫХ ДАННЫХ: ТЕКСТОВЫЕ МАТЕРИАЛЫ, МОНОГРАФИЧЕСКИЕ
Кодированные данные о монографическом текстовом документе a |||||||||
200 1# - ЗАГЛАВИЕ И СВЕДЕНИЯ ОБ ОТВЕТСТВЕННОСТИ
Основное заглавие Пробуждение
Сведения, относящиеся к заглавию Рассказы
Первые сведения об ответственности Сост. А. Филиппович
Последующие сведения об ответственности [Худож. С.В. Вохмин, А.В. Вохмин]
210 ## - ПУБЛИКАЦИЯ, РАСПРОСТРАНЕНИЕ И ДР.
Место издания, распространения и т.д. Свердловск
Имя издателя, распространителя и т. д. Сред.-Урал. кн. изд-во
Дата издания, распространения и т.д. 1981
215 ## - ФИЗИЧЕСКАЯ ХАРАКТЕРИСТИКА
Специфическое обозначение материала и объем 224 с.
Другие сведения о физической характеристике ил.
Размеры 20
327 1# - ПРИМЕЧАНИЯ О СОДЕРЖАНИИ
Текст примечания Содерж.: Подарок; Звонкая радость; Во дворе злая собака / Б. Васильев; Третий номер; Оскорбитель бабочки; Комета Л. Когоутека; Квинтет для духовых / А. Новиков; Первые шаги / В. Морозов; Увес; Каникулы / А. Иванов, и рассказы др. авт.
464 #0 - АНАЛИТИЧЕСКИЙ УРОВЕНЬ
Встроенное поле 2001#$aПодарок
-- 700#1$aВасильев$bБ.
Заглавие Подарок
Автор Васильев, Б.
464 #0 - АНАЛИТИЧЕСКИЙ УРОВЕНЬ
Встроенное поле 2001#$aЗвонкая радость
-- 700#1$aВасильев$bБ.
Заглавие Звонкая радость
Автор Васильев, Б.
464 #0 - АНАЛИТИЧЕСКИЙ УРОВЕНЬ
Встроенное поле 2001#$aВо дворе злая собака
-- 700#1$aВасильев$bБ.
Заглавие Во дворе злая собака
Автор Васильев, Б.
464 #0 - АНАЛИТИЧЕСКИЙ УРОВЕНЬ
Встроенное поле 2001#$aТретий номер
-- 700#1$aНовиков$bА.
Заглавие Третий номер
Автор Новиков, А.
464 #0 - АНАЛИТИЧЕСКИЙ УРОВЕНЬ
Встроенное поле 2001#$aОскорбитель бабочки
-- 700#1$aНовиков$bА.
Заглавие Оскорбитель бабочки
Автор Новиков, А.
464 #0 - АНАЛИТИЧЕСКИЙ УРОВЕНЬ
Встроенное поле 2001#$aКомета Л. Когоутека
-- 700#1$aНовиков$bА.
Заглавие Комета Л. Когоутека
Автор Новиков, А.
464 #0 - АНАЛИТИЧЕСКИЙ УРОВЕНЬ
Встроенное поле 2001#$aКвинтет для духовых
-- 700#1$aНовиков$bА.
Заглавие Квинтет для духовых
Автор Новиков, А.
464 #0 - АНАЛИТИЧЕСКИЙ УРОВЕНЬ
Встроенное поле 2001#$aПервые шаги
-- 700#1$aМорозов$bВ.
Заглавие Первые шаги
Автор Морозов, В.
464 #0 - АНАЛИТИЧЕСКИЙ УРОВЕНЬ
Встроенное поле 2001#$aУвес
-- 700#1$aИванов$bА.
Заглавие Увес
Автор Иванов, А.
464 #0 - АНАЛИТИЧЕСКИЙ УРОВЕНЬ
Встроенное поле 2001#$aКаникулы
-- 700#1$aИванов$bА.
Заглавие Каникулы
Автор Иванов, А.
702 #1 - ИМЯ ЛИЦА - ВТОРИЧНАЯ ОТВЕТСТВЕННОСТЬ
Начальный элемент ввода Филиппович
Часть имени, кроме начального элемента ввода А.С.
Расширение инициалов личного имени Александр Сергеевич
Код отношения Составитель
801 #0 - ИСТОЧНИК ЗАПИСИ
Страна Российская Федерация
Организация NLR
Правила каталогизации psbo
801 #1 - ИСТОЧНИК ЗАПИСИ
Страна Российская Федерация
Организация ELAR
Источник данных rusmarc
852 ## - МЕСТОНАХОЖДЕНИЕ И ШИФР ХРАНЕНИЯ
Идентификатор организации NLR
Шифр хранения (Call Number) 81-3/11122
942 ## - ДОПОЛНИТЕЛЬНЫЕ ЭЛЕМЕНТЫ ЗАПИСИ (АБИС)
Тип экземпляра АБИС Книга
980 ## - КОЛЛЕКЦИЯ
Название коллекции Национальная библиография
Экземпляры
Тип экземпляра Дата поступления Библиотека постоянного хранения Библиотека текущего хранения Место хранения Шифр хранения Штрих-код Статус экземпляра
Книга 26.10.2013 РНБ (Московский) РНБ (Московский) Русский книжный фонд: издания с 1957 года 81-3/11122 6367949-10